000 00779nam a2200193 a 4500
005 20140121131817.0
008 140121b1997 ck ||||| |||| 00| 0 spa d
041 _aspa
044 _ack
090 _aIAvH
_b00195
110 _aColombia
_bMinisterio del Medio Ambiente
_91756
245 _aExpedición a los Andes colombianos Cordillera Oriental-Serranía Los Farallones (departamento de Cundinamarca 1997)
260 _aBogotá
_bMinambiente
_bInstituto Alexander von Humboldt
_c1997
300 _a10 p.
710 _a^aUnidad Administrativa Especial de Parques Nacionales
_94573
710 _a^aInstituto de Investigación de Recursos Biológicos Alexander von Humboldt. Grupo de Exploración y Monitoreo Ambiental
_94574
710 _a^aCORPOGUAVIO
_94575
942 _cCD-ROM
_2z
999 _c2816
_d2816